000 00357nam a2200157Ia 4500
008 231217s9999 xx 000 0 und d
020 _a74632906
041 _aEnglish
082 _a001.6424JAV NAU1;44
100 _aNaughton, Patrick
245 0 _aJava handbook
260 _c1996
_bTMH
_aNew Delhi
300 _a424
650 _aJava
942 _cAA
999 _c177990
_d177990